Computer network security / (Record no. 195162)

MARC details
000 -LEADER
fixed length control field 00691nam a2200217Ia 4500
005 - DATE AND TIME OF LATEST TRANSACTION
control field 20251103152643.0
008 - FIXED-LENGTH DATA ELEMENTS--GENERAL INFORMATION
fixed length control field 210716s2007 xx 000 0 und d
020 ## - INTERNATIONAL STANDARD BOOK NUMBER
International Standard Book Number 9780387204734
040 ## - CATALOGING SOURCE
Transcribing agency AIMIT LIBRARY
041 ## - LANGUAGE CODE
Language code of text/sound track or separate title eng
082 ## - DEWEY DECIMAL CLASSIFICATION NUMBER
Classification number 005.8
Item number KIZJ
100 ## - MAIN ENTRY--PERSONAL NAME
Personal name Kizza, Joseph Migga.
9 (RLIN) 243575
245 ## - TITLE STATEMENT
Title Computer network security /
Statement of responsibility, etc. By Joseph Migga Kizza.
250 ## - EDITION STATEMENT
Edition statement 1st ed.
260 ## - PUBLICATION, DISTRIBUTION, ETC.
Place of publication, distribution, etc. New Delhi :
Name of publisher, distributor, etc. Springer ,
Date of publication, distribution, etc. 2007.
300 ## - PHYSICAL DESCRIPTION
Extent xxii,534p. ;
Other physical details PB
Dimensions 23.2 cm
650 ## - SUBJECT ADDED ENTRY--TOPICAL TERM
Topical term or geographic name entry element Understanding computer network security
9 (RLIN) 243576
650 ## - SUBJECT ADDED ENTRY--TOPICAL TERM
Topical term or geographic name entry element Understanding network security
9 (RLIN) 243577
650 ## - SUBJECT ADDED ENTRY--TOPICAL TERM
Topical term or geographic name entry element Access control and authorization
9 (RLIN) 243578
942 ## - ADDED ENTRY ELEMENTS (KOHA)
Source of classification or shelving scheme Dewey Decimal Classification
Koha item type Book
Edition 1st
Call number prefix 005.8 KIZJ
Holdings
Withdrawn status Lost status Source of classification or shelving scheme Damaged status Not for loan Collection code Home library Current library Source of acquisition Cost, normal purchase price Total Checkouts Full call number Barcode Date last seen Cost, replacement price Price effective from Koha item type Inventory number
    Dewey Decimal Classification   Reference Book MCA St Aloysius Institute of Management & Information Technology St Aloysius Institute of Management & Information Technology Athulya Books 995.00   005.8 KIZJ MCA09194 07/21/2025 776.10 07/16/2021 Book  
    Dewey Decimal Classification     MCA St Aloysius Institute of Management & Information Technology St Aloysius Institute of Management & Information Technology Knowledge World 995.00   005.8 KIZJ MCA14671 05/23/2026 746.25 07/16/2021 Book Bill no:218; Bill dt:2016-03-04